000
00339nam a2200133Ia 4500
008
230818s1986 xx 000 0 und d
041
_a
eng
100
_a
Buttle
245
_a
Hotel and Food Service Marketing
260
_b
Cassell
_c
1986
300
_a
414p
520
_a
Hard Board | Reference Copy
999
_c
854048
_d
854048
650
_a
Food and Beverage service